| 000 | 003660000a22001450004500 | ||
|---|---|---|---|
| 003 | MACL | ||
| 040 | _aMACL | ||
| 090 |
_c44841 _d44839 |
||
| 100 | _aChomsky, Noam | ||
| 245 |
_aMedia Control _bThe Spectacular Achievements of Propaganda |
||
| 260 |
_bETCH An Imprint of Nataraj Publishers _c1991 |
||
| 350 | _a225/- | ||
| 650 | _aJournalism | ||
| 942 |
_cBOOK _k070/CHO |
||
| 999 |
_c44384 _d44384 |
||